00350nam a2200133Ia 4500003000400000008004100004040001600045082002200061100002200083245005500105260003300160300001000193650001300203GCL140319s9999 xx 000 0 eng d aGCL / cGCL04aCHb333.9516bR W1 aRINARD, JUDITH E.10aWORLDLIFE: MAKING A COMEBACK / cRINARD, JUDITH E. a[S.N] : bHACHETTE ، c1987 a104 P04aCHILDREN